| 000 | 00520nam a2200193 a 4500 | ||
|---|---|---|---|
| 001 | 13924 | ||
| 003 | CO-ViMGA | ||
| 008 | 141112s2004 ck r 000 u spa d | ||
| 020 | _a8431514205 | ||
| 040 |
_aCO-ViMGA _bspa _cCO-ViMGA |
||
| 082 | 0 | 4 | _a613.66 G841 |
| 245 | 1 | 0 | _aGuia practica de defensa personal |
| 260 |
_aBarceloona : _bDe Vecchi, _c1993 |
||
| 300 | _a126 | ||
| 490 | _aEquipo de especialistas Jupiter | ||
| 590 | _aForma de adquisición : Compra | ||
| 650 | 1 | 4 |
_aDEFENSA PERSONAL _920302 |
| 942 |
_2ddc _cBK |
||
| 999 |
_c24626 _d24626 |
||